Practical partnership

Bibliographic Details
Main Author: Harmer, Caroline
Other Authors: Camp LLB, Peter
Format: Book
Published: London : Oyez Longman , c1982
Edition:1st ed
Subjects:

MARC

LEADER 00000cam a2200000 7i4500
001 0000001425
005 20050628.0
020 |a 0851206638 
040 |a INS 
090 0 0 |a KF1375.Z9   |b H2877 1982 
100 1 |a Harmer, Caroline 
245 1 0 |a Practical partnership   |c Caroline Harmer 
250 |a 1st ed 
260 |a London :   |b Oyez Longman ,   |c c1982 
650 0 0 |a Management   |x Organizations 
650 0 0 |a Organizations partnerships 
700 1 |a Camp LLB, Peter 
999 |a 0000000371   |b BOOK   |c Open Shelf   |e Default branch